| 000 | 00589nam a2200193Ia 4500 | ||
|---|---|---|---|
| 008 | 151121s9999||||xx |||||||||||||| ||und|| | ||
| 082 | _a813/आपटे | ||
| 082 | _bHNW-35020 | ||
| 100 | _aआपटे ह। ना। | ||
| 245 | _aयशवंतराव खरे | ||
| 260 | _b"आंबेकर द। वा।,पुणे" | ||
| 260 | _c-- | ||
| 300 | _a326 | ||
| 600 | _aआपटे ह। ना। | ||
| 630 | _aयशवंतराव खरे | ||
| 700 | _aआपटे ह। ना। | ||
| 730 | _aयशवंतराव खरे | ||
| 942 | _cBOOK | ||
| 999 |
_c1227768 _d1227765 |
||